000 00498nam a2200181Ia 4500
999 _c9957
_d9957
003 OSt
005 20191224132748.0
008 190216s9999||||xx |||||||||||||| ||und||
020 _a8121904331
040 _coclc
082 _a339
_bAHU/M
100 _aAhuja, H L
_9470
245 0 _aMacroeconomics Theory And Policy /
_c H L Ahuja
260 _bS Chand & Company,
_c1996.
_aNew Delhi:
300 _a295p
650 _aEconomics
942 _cBK
_2ddc
_h339
_iAHU/M
_k339
_mAHU/M